000 00304nam a2200133Ia 4500
005 20251222155044.0
008 251222s9999||||xx |||||||||||||| ||spa||
082 _aEST. 29
100 _aWAYNE W
245 0 _aBioEstadística 3era. Edición
250 _a1ra. ed.
264 _bParaninfo
942 _cLIB
999 _c37022
_d37022